000 00909nam a2200289Ia 4500
003 OSt
005 20221006160408.0
006 a|||||r|||| 00| 0
007 ta
008 221006b |||||||| |||| 00| 0 eng d
020 _a9780520259522
_c
_52.95
024 _a45,123
037 _bGift, Japan Foundation
_cTextual
040 _aEASL
_cEASL
_beng
041 _2eng
_aeng
082 _aNQ42,N, P9
100 _aVolk Alicia
_9673239
245 0 _aIn pursuit of universalism
_b Yorozu Tetsugoro and Japanese modern Art
260 _aBerkeley
_bUniversity of California Press
_c2009
300 _a328p.
_ccm.
490 _v JEL
650 _a JEL
650 _a Painting - Japanese - twentieth century
_9673240
650 _aYorozu Tetsugoro - Criticism and interpretation
_9673241
942 _hNQ42,N, P9
_cTEXL
_2CC
999 _c1113215
_d1113215